El partido Conservador: Su historia, su programa, sus grandes hombres

Saved in:
Bibliografiske detaljer
Hovedforfatter: Barros Errázuriz, Alfredo (Author)
Format: Bog
Sprog:spansk
Udgivet: Santiago Imprenta Cervantes 1917
Udgivelse:1a. ed
Fag:
Tags: Tilføj Tag
Ingen Tags, Vær først til at tagge denne postø!

MARC

LEADER 00000nam a2200000 a 4500
001 UCJ5272
003 CL-VaPUC
008 070124e19170000CL |||||||||||||||||spa|d
082 0 4 |a 983  |b BAR  |2 21 
100 0 |a Barros Errázuriz, Alfredo  |e author  |9 510288 
245 1 3 |a El partido Conservador: Su historia, su programa, sus grandes hombres 
250 |a 1a. ed 
300 |a 122 p 
942 |c BK 
945 |d 20070124 00:00:00  |a rinostro 
260 |a Santiago  |b Imprenta Cervantes  |c 1917 
500 |a Empastado junto a otras monografías en un volumen rotulado Actividades del Partido Conservador; ubicación, 983 BAR 
600 0 7 |a PARTIDO CONSERVADOR  |2 CL-VaPUC  |9 436808 
600 0 |a Egaña, Juan   |9 387807 
600 0 7 |a PRIETO, JOAQUIN  |2 CL-VaPUC  |9 350270 
600 0 7 |a TOCORNAL, JOAQUIN  |2 CL-VaPUC  |9 510289 
600 0 |a Egaña, Mariano  |9 331912 
600 0 |a Portales y Palazuelos, Diego,  |d 1793-1837  |9 255516 
600 0 |a Bulnes, Manuel  |9 315172 
600 0 7 |a GARCIA REYES, ANTONIO  |2 CL-VaPUC  |9 315176 
600 0 7 |a TOCORNAL, MANUEL ANTONIO  |2 CL-VaPUC  |9 315188 
600 0 7 |a FABRES, JOSE CLEMENTE  |2 CL-VaPUC  |9 508190 
600 0 |a Irarrázaval y Larraín, Manuel José   |d 1834-1896  |9 510290 
600 0 7 |a TOCORNAL Y JORDAN, JOSE  |2 CL-VaPUC  |9 510291 
600 0 7 |a RODRIGUEZ, ZOROBABEL  |2 CL-VaPUC  |9 438236 
600 0 7 |a WALKER MARTINEZ, CARLOS  |2 CL-VaPUC  |9 438546 
650 0 |a Partidos políticos  |9 254999 
650 7 |a BIOGRAFIA  |2 CL-VaPUC  |9 504622 
650 0 |a Iconografía   |9 267998 
650 0 |a Historia de Chile  |9 265473 
583 |a last modification  |c 20070124 00:00:00  |k Rodrigo Vera 
999 |c 321382  |d 321380 
952 |0 0  |1 0  |4 0  |6 983_000000000000000_BAR_1917  |7 0  |8 X  |9 400106  |a FDOBUD  |b FDOBUD  |d 2019-11-22  |i 1032275  |o 983 BAR 1917  |p 1032275  |r 2019-11-22  |w 2019-11-22  |y BK_X  |k BUD